[Event "GBR-ch75"]
[Site "Blackpool"]
[Date "1988.08.10"]
[Round "9.15"]
[White "Hempson, Peter W"]
[Black "McDonald, Neil R"]
[Result "0-1"]
[WhiteElo "2225"]
[BlackElo "2360"]
[PlyCount "154"]
[EventDate "1988.08.01"]
[EventType "swiss"]
[EventRounds "11"]
[EventCountry "GBR"]
[SourceTitle "BritBase12Sep20"]
[Source "John Saunders"]
[SourceDate "2020.09.12"]
[SourceVersion "1"]
[SourceVersionDate "2020.09.12"]
[SourceQuality "1"]

1. d4 Nf6 2. c4 g6 3. Nc3 Bg7 4. e4 d6 5. f3 O-O 6. Be3 Nc6 7. Nge2 a6 8. Qd2
e5 9. d5 Na5 10. Nc1 c5 11. a3 b6 12. b4 Nb7 13. Nd3 Nh5 14. g4 Nf4 15. Nxf4
exf4 16. Bxf4 cxb4 17. axb4 a5 18. b5 Nc5 19. Ra3 Ra7 20. Bg2 f5 21. gxf5 gxf5
22. O-O Raf7 23. Ne2 Qf6 24. Kh1 a4 25. Rg1 fxe4 26. fxe4 Bg4 27. e5 dxe5 28.
Bg5 Qg6 29. Ng3 Rf2 30. Qc1 Nd3 31. Qe3 R2f3 32. Bxf3 Bxf3+ 33. Rg2 Bxg2+ 34.
Kxg2 Nf4+ 35. Bxf4 exf4 36. Qe6+ Qxe6 37. dxe6 fxg3 38. Rxa4 gxh2 39. Kxh2 Re8
40. c5 bxc5 41. Ra6 c4 42. Rc6 c3 43. b6 Be5+ 44. Kg2 Kg7 45. b7 Rb8 46. Rc5
Kf6 47. e7 Ke6 48. Kf3 Kd6 49. e8=Q Rxe8 50. Rc8 Kd7 51. b8=Q Bxb8 52. Rxc3 Rg8
53. Rc5 Ke6 54. Rh5 Rg7 55. Rh4 Kf5 56. Rh5+ Kg6 57. Rb5 Rf7+ 58. Kg2 Bd6 59.
Ra5 h5 60. Rb5 Re7 61. Kf3 Be5 62. Rb4 Kf5 63. Kg2 Rc7 64. Rb1 Rc2+ 65. Kh1 Kg4
66. Rf1 Kg3 67. Rg1+ Kh4 68. Rg2 Rc3 69. Rd2 Bf4 70. Re2 Kg4 71. Rg2+ Bg3 72.
Rg1 Rc4 73. Rf1 Kh3 74. Rg1 Bf2 75. Rb1 Rc2 76. Rf1 h4 77. Rd1 Be3 0-1

[Event "GBR-ch75"]
[Site "Blackpool"]
[Date "1988.08.10"]
[Round "9.17"]
[White "Ward, Christopher"]
[Black "Pein, Malcolm"]
[Result "0-1"]
[WhiteElo "2325"]
[BlackElo "2410"]
[PlyCount "68"]
[EventDate "1988.08.01"]
[EventType "swiss"]
[EventRounds "11"]
[EventCountry "GBR"]
[SourceTitle "BritBase12Sep20"]
[Source "John Saunders"]
[SourceDate "2020.09.12"]
[SourceVersion "1"]
[SourceVersionDate "2020.09.12"]
[SourceQuality "1"]

1. d4 d6 2. c4 e5 3. Nf3 Nd7 4. Nc3 g6 5. Bg5 f6 6. Bh4 Bg7 7. e4 Nh6 8. Be2
Nf7 9. d5 a5 10. a3 O-O 11. O-O Qe7 12. b4 g5 13. Bg3 f5 14. exf5 axb4 15. Nb5
Nf6 16. axb4 Bxf5 17. Rxa8 Rxa8 18. Nc3 Nh5 19. Nd2 Nxg3 20. hxg3 e4 21. Qc2 e3
22. Qxf5 exd2 23. Ne4 Re8 24. Bh5 Nh6 25. Qxg5 Qxg5 26. Nxg5 Re5 27. f4 Re1 28.
Ne6 Nf5 29. Kf2 Rxf1+ 30. Kxf1 Nxg3+ 31. Kf2 Nxh5 32. Ke2 Bc3 33. b5 Ng3+ 34.
Kd1 Nf1 0-1

[Event "GBR-ch75"]
[Site "Blackpool"]
[Date "1988.08.10"]
[Round "9.19"]
[White "Coleman, David J"]
[Black "Knox, Victor W"]
[Result "0-1"]
[WhiteElo "2240"]
[BlackElo "2315"]
[PlyCount "100"]
[EventDate "1988.08.01"]
[EventType "swiss"]
[EventRounds "11"]
[EventCountry "GBR"]
[SourceTitle "BritBase12Sep20"]
[Source "John Saunders"]
[SourceDate "2020.09.12"]
[SourceVersion "1"]
[SourceVersionDate "2020.09.12"]
[SourceQuality "1"]

1. e4 e5 2. Nf3 Nc6 3. d4 exd4 4. c3 d5 5. exd5 Qxd5 6. cxd4 Bg4 7. Nc3 Bxf3 8.
Nxd5 Bxd1 9. Nxc7+ Kd7 10. Nxa8 Bh5 11. d5 Nd4 12. Bd3 Bb4+ 13. Bd2 Bxd2+ 14.
Kxd2 Ne7 15. Rac1 Rxa8 16. Rc4 Ndf5 17. g4 Nd6 18. gxh5 Nxc4+ 19. Bxc4 Kd6 20.
Rd1 g6 21. Ke3 Rg8 22. Kf3 gxh5 23. Rd4 Ng6 24. Bb3 Rc8 25. Kg3 Re8 26. Bd1 h4+
27. Kh3 Re1 28. Bh5 Rg1 29. Bxg6 hxg6 30. Rf4 f5 31. Rxh4 Kxd5 32. Rh7 Kc6 33.
Re7 a5 34. Re2 Kd5 35. f3 Kd4 36. Rc2 b5 37. b3 a4 38. bxa4 bxa4 39. Rb2 Ke3
40. Rb4 Kxf3 41. Rxa4 g5 42. Ra3+ Kf2 43. Rb3 f4 44. a4 f3 45. Rb8 g4+ 46. Kh4
Kg2 47. Rb2+ f2 48. a5 Kf3 49. Rb8 f1=Q 50. Rf8+ Ke4 0-1

[Event "GBR-ch75"]
[Site "Blackpool"]
[Date "1988.08.10"]
[Round "9.20"]
[White "Lalic, Susan Kathryn"]
[Black "Kwiatkowski, Feliks J"]
[Result "1-0"]
[WhiteElo "2355"]
[BlackElo "2240"]
[PlyCount "97"]
[EventDate "1988.08.01"]
[EventType "swiss"]
[EventRounds "11"]
[EventCountry "GBR"]
[SourceTitle "BritBase12Sep20"]
[Source "John Saunders"]
[SourceDate "2020.09.12"]
[SourceVersion "1"]
[SourceVersionDate "2020.09.12"]
[SourceQuality "1"]

1. e4 c5 2. c3 Nf6 3. e5 Nd5 4. d4 cxd4 5. Nf3 Nc6 6. cxd4 d6 7. Bc4 Nb6 8. Bb5
dxe5 9. Nxe5 Bd7 10. Bxc6 Bxc6 11. Nxc6 bxc6 12. O-O g6 13. Bg5 Bg7 14. Re1 O-O
15. Bxe7 Qxd4 16. Nc3 Rfe8 17. Qf3 Nd5 18. Rad1 Qb6 19. Nxd5 cxd5 20. b4 Bf8
21. Qxd5 Bxe7 22. Rxe7 Rxe7 23. Qxa8+ Kg7 24. a3 Re2 25. Qf3 Qe6 26. g3 h5 27.
h4 Re5 28. Qc3 Qf6 29. a4 Re4 30. Qc5 Qf3 31. Ra1 Qb3 32. Qxa7 Qxb4 33. a5 g5
34. hxg5 h4 35. Qb6 hxg3 36. Qxb4 gxf2+ 37. Kxf2 Rxb4 38. a6 Rb8 39. a7 Ra8 40.
Ra6 Kf8 41. Kf3 Ke7 42. Kf4 Kd7 43. Kf5 Ke7 44. Ke5 Kd7 45. Kf6 Ke8 46. Ra1 Kf8
47. Rb1 Kg8 48. Rb8+ Kh7 49. g6+ 1-0

[Event "GBR-ch75"]
[Site "Blackpool"]
[Date "1988.08.10"]
[Round "9.21"]
[White "Muir, Andrew Joseph"]
[Black "King, Daniel J"]
[Result "0-1"]
[WhiteElo "2240"]
[BlackElo "2520"]
[PlyCount "44"]
[EventDate "1988.08.01"]
[EventType "swiss"]
[EventRounds "11"]
[EventCountry "GBR"]
[SourceTitle "BritBase12Sep20"]
[Source "John Saunders"]
[SourceDate "2020.09.12"]
[SourceVersion "1"]
[SourceVersionDate "2020.09.12"]
[SourceQuality "1"]

1. d4 e6 2. e4 d5 3. exd5 exd5 4. Bd3 c5 5. c3 Nc6 6. Qe2+ Be7 7. dxc5 Nf6 8.
Be3 O-O 9. Nd2 d4 10. cxd4 Nxd4 11. Bxd4 Qxd4 12. Nb3 Qb4+ 13. Qd2 Qxd2+ 14.
Kxd2 Rd8 15. Kc2 a5 16. Rd1 a4 17. Nc1 Be6 18. Nh3 Bxc5 19. Rd2 Rac8 20. Kb1
Bxh3 21. gxh3 Ne4 22. Bxe4 Rxd2 0-1

[Event "GBR-ch75"]
[Site "Blackpool"]
[Date "1988.08.10"]
[Round "9.31"]
[White "Large, Peter G"]
[Black "Jackson, Sheila"]
[Result "1-0"]
[WhiteElo "2360"]
[BlackElo "2245"]
[PlyCount "101"]
[EventDate "1988.08.01"]
[EventType "swiss"]
[EventRounds "11"]
[EventCountry "GBR"]
[SourceTitle "BritBase12Sep20"]
[Source "John Saunders"]
[SourceDate "2020.09.12"]
[SourceVersion "1"]
[SourceVersionDate "2020.09.12"]
[SourceQuality "1"]

1. e4 e5 2. Nf3 Nc6 3. Bb5 a6 4. Ba4 Nf6 5. d4 exd4 6. O-O Be7 7. e5 Ne4 8.
Nxd4 Nxd4 9. Qxd4 Nc5 10. Nc3 Nxa4 11. Qxa4 O-O 12. Bf4 d5 13. exd6 Bxd6 14.
Rad1 Bd7 15. Qd4 Bf5 16. Bxd6 Qxd6 17. Qxd6 cxd6 18. Rd2 Rfc8 19. Rc1 Rc6 20.
Ne2 Rb6 21. c4 Kf8 22. Nd4 Bd7 23. f3 a5 24. Kf2 a4 25. Ke3 Ra5 26. Ne2 Be6 27.
Kd4 Rc5 28. Nf4 Rbc6 29. b3 axb3 30. axb3 b5 31. Re1 bxc4 32. Rxe6 g5 33. Re4
gxf4 34. b4 Rb5 35. Kc3 d5 36. Red4 Rd6 37. Rxc4 Rdb6 38. Rxf4 Rc6+ 39. Kb3 Kg7
40. Rc2 Rd6 41. Rc7 Rf6 42. Rxf6 Kxf6 43. Rc5 Rxc5 44. bxc5 Ke6 45. Kc3 Ke5 46.
f4+ Ke4 47. c6 Ke3 48. c7 d4+ 49. Kb2 d3 50. c8=Q Ke2 51. Qd7 1-0

[Event "GBR-ch75"]
[Site "Blackpool"]
[Date "1988.08.11"]
[Round "10.2"]
[White "Mestel, A Jonathan"]
[Black "Bellin, Robert"]
[Result "1-0"]
[WhiteElo "2510"]
[BlackElo "2370"]
[PlyCount "81"]
[EventDate "1988.08.01"]
[EventType "swiss"]
[EventRounds "11"]
[EventCountry "GBR"]
[SourceTitle "BritBase12Sep20"]
[Source "John Saunders"]
[SourceDate "2020.09.12"]
[SourceVersion "1"]
[SourceVersionDate "2020.09.12"]
[SourceQuality "1"]

1. e4 e5 2. Nf3 Nc6 3. Bb5 a6 4. Ba4 Nf6 5. O-O d6 6. Re1 Bd7 7. c4 Be7 8. Nc3
O-O 9. Bxc6 bxc6 10. d4 exd4 11. Qxd4 Ng4 12. Bf4 f6 13. c5 Ne5 14. Qe3 Qb8 15.
b3 Qa7 16. Na4 Ng6 17. Bg3 dxc5 18. Rac1 f5 19. Ne5 Nxe5 20. Bxe5 Bd6 21. Qg3
Bxe5 22. Qxe5 Rfe8 23. Qxc5 fxe4 24. Qxa7 Rxa7 25. Nc5 Bf5 26. f3 e3 27. Rc3
Raa8 28. g4 Bg6 29. Rcxe3 Rxe3 30. Rxe3 Bf7 31. Kf2 Bd5 32. f4 Kf7 33. Kg3 a5
34. f5 h6 35. h4 Rh8 36. Nd7 Re8 37. Rxe8 Kxe8 38. Nc5 Ke7 39. Kf4 Bg8 40. Ke5
Bd5 41. Nb7 1-0

[Event "GBR-ch75"]
[Site "Blackpool"]
[Date "1988.08.11"]
[Round "10.3"]
[White "Murshed, Niaz"]
[Black "Adams, Michael"]
[Result "1/2-1/2"]
[WhiteElo "2475"]
[BlackElo "2460"]
[PlyCount "125"]
[EventDate "1988.08.01"]
[EventType "swiss"]
[EventRounds "11"]
[EventCountry "GBR"]
[SourceTitle "BritBase12Sep20"]
[Source "John Saunders"]
[SourceDate "2020.09.12"]
[SourceVersion "1"]
[SourceVersionDate "2020.09.12"]
[SourceQuality "1"]

1. d4 Nf6 2. c4 e6 3. Nc3 Bb4 4. f3 Nh5 5. Nh3 f5 6. Bg5 Be7 7. f4 Bxg5 8. fxg5
g6 9. e4 Ng7 10. exf5 gxf5 11. Be2 O-O 12. Qd2 d6 13. O-O-O Qe7 14. g4 Nc6 15.
g6 hxg6 16. Qh6 Ne8 17. gxf5 Qg7 18. Qh4 e5 19. fxg6 Nxd4 20. Rxd4 Bxh3 21. Rd3
Be6 22. Bg4 Bxg4 23. Qxg4 Qh6+ 24. Kb1 Nf6 25. Qe6+ Kg7 26. Qe7+ Kg8 27. g7 Rf7
28. Qe6 Qh7 29. Qh3 Qxh3 30. Rxh3 Rxg7 31. Rf1 Rf8 32. Rhf3 Nh7 33. Rxf8+ Nxf8
34. Nd5 Nh7 35. Ne3 Rf7 36. Rg1+ Kf8 37. Rg2 Rf3 38. Nd5 c6 39. Nc3 Nf6 40. Re2
b6 41. Kc2 Kf7 42. b4 Ke6 43. b5 c5 44. Rg2 e4 45. Rg7 Rf2+ 46. Kd1 Ke5 47. Ne2
d5 48. cxd5 Nxd5 49. Rg5+ Kd6 50. Rg6+ Ke7 51. Rg5 Ke6 52. h4 e3 53. h5 Rf1+
54. Kc2 Nb4+ 55. Kc3 Rf2 56. a3 Nd5+ 57. Kd3 c4+ 58. Ke4 Rxe2 59. Re5+ Kf6 60.
Rxd5 Re1 61. Rd6+ Kg5 62. Rc6 Kxh5 63. Rxc4 1/2-1/2

[Event "GBR-ch75"]
[Site "Blackpool"]
[Date "1988.08.11"]
[Round "10.4"]
[White "Chandler, Murray G"]
[Black "Lane, Gary William"]
[Result "1-0"]
[WhiteElo "2605"]
[BlackElo "2410"]
[PlyCount "65"]
[EventDate "1988.08.01"]
[EventType "swiss"]
[EventRounds "11"]
[EventCountry "GBR"]
[SourceTitle "BritBase12Sep20"]
[Source "John Saunders"]
[SourceDate "2020.09.12"]
[SourceVersion "1"]
[SourceVersionDate "2020.09.12"]
[SourceQuality "1"]

1. e4 e5 2. Nf3 Nc6 3. Bb5 a6 4. Ba4 Nf6 5. O-O Be7 6. Re1 b5 7. Bb3 d6 8. c3
O-O 9. h3 Na5 10. Bc2 c5 11. d4 Qc7 12. Nbd2 cxd4 13. cxd4 Bd7 14. Nf1 Rac8 15.
Re2 Rfe8 16. b3 Nc6 17. Bb2 Bf8 18. Rc1 Qb7 19. Ng3 g6 20. Qd2 a5 21. Bb1 b4
22. Ree1 Bg7 23. dxe5 dxe5 24. Qe3 Kh8 25. Bd3 Ng8 26. Rcd1 f6 27. Bc4 Nge7 28.
Nf1 a4 29. Qe2 Ra8 30. bxa4 Rxa4 31. Ne3 Ra7 32. Nd5 Na5 33. Nxf6 1-0

[Event "GBR-ch75"]
[Site "Blackpool"]
[Date "1988.08.11"]
[Round "10.5"]
[White "Pigott, John C"]
[Black "Watson, William N"]
[Result "1/2-1/2"]
[WhiteElo "2365"]
[BlackElo "2500"]
[PlyCount "90"]
[EventDate "1988.08.01"]
[EventType "swiss"]
[EventRounds "11"]
[EventCountry "GBR"]
[SourceTitle "BritBase12Sep20"]
[Source "John Saunders"]
[SourceDate "2020.09.12"]
[SourceVersion "1"]
[SourceVersionDate "2020.09.12"]
[SourceQuality "1"]

1. d4 Nf6 2. c4 g6 3. Nc3 Bg7 4. e4 d6 5. Nf3 O-O 6. Be2 e5 7. O-O Nc6 8. d5
Ne7 9. Nd2 a5 10. Rb1 Nd7 11. a3 Nb6 12. b4 axb4 13. axb4 Bd7 14. Qc2 Na4 15.
Nxa4 Bxa4 16. Qd3 Bd7 17. c5 f5 18. f3 f4 19. Ba3 Rf6 20. b5 b6 21. cxb6 cxb6
22. Rfc1 g5 23. Rc6 Nc8 24. Rbc1 Bf8 25. Nc4 Be7 26. Bb2 Rg6 27. Qb3 Kf8 28.
Nd2 Rg7 29. Rc7 Rb8 30. Ba3 h5 31. h3 Qe8 32. R7c2 Qg6 33. Kf1 Rh7 34. Ke1 Ra8
35. Nc4 g4 36. Bf1 gxh3 37. gxh3 Qg1 38. Rg2 Qh1 39. Nxe5 Bxh3 40. Ng6+ Ke8 41.
Nxf4 Bxg2 42. Nxg2 h4 43. Qc2 h3 44. Qc6+ Kf7 45. Qd7 hxg2 1/2-1/2

[Event "GBR-ch75"]
[Site "Blackpool"]
[Date "1988.08.11"]
[Round "10.6"]
[White "Hebden, Mark L"]
[Black "Motwani, Paul"]
[Result "1/2-1/2"]
[WhiteElo "2460"]
[BlackElo "2455"]
[PlyCount "137"]
[EventDate "1988.08.01"]
[EventType "swiss"]
[EventRounds "11"]
[EventCountry "GBR"]
[SourceTitle "BritBase12Sep20"]
[Source "John Saunders"]
[SourceDate "2020.09.12"]
[SourceVersion "1"]
[SourceVersionDate "2020.09.12"]
[SourceQuality "1"]

1. d4 Nf6 2. Nf3 d5 3. c4 e6 4. Nc3 Be7 5. Bg5 Nbd7 6. e3 h6 7. Bh4 O-O 8. Rc1
c6 9. Bd3 dxc4 10. Bxc4 b5 11. Bd3 Bb7 12. O-O Rc8 13. Bb1 b4 14. Na4 c5 15.
Bxf6 Nxf6 16. Nxc5 Bxc5 17. dxc5 Qa5 18. Nd4 Rxc5 19. Nb3 Rxc1 20. Nxa5 Rxd1
21. Rxd1 Ba8 22. f3 g5 23. Kf2 Kg7 24. Rd4 Rb8 25. e4 Rb5 26. Nb3 Bc6 27. Bd3
Rb8 28. Na5 Be8 29. Ke3 Rb6 30. Rd8 Bb5 31. Bxb5 Rxb5 32. Nc6 Rb6 33. Rc8 Rb7
34. Rb8 Rc7 35. Nxb4 Nd7 36. Rb5 Kf6 37. Kd4 Nb6 38. b3 Rd7+ 39. Ke3 Rc7 40.
Kd2 Nd7 41. Nd3 Ke7 42. h4 Kf6 43. hxg5+ hxg5 44. a4 Kg6 45. Ra5 f5 46. exf5+
exf5 47. Rd5 f4 48. a5 Nf6 49. Rb5 Rd7 50. b4 Kh5 51. Rf5 Rd6 52. Ke2 Nd5 53.
Kf2 Kg6 54. Rf8 a6 55. Ne5+ Kg7 56. Rf7+ Kh6 57. Rf5 Kg7 58. Nc4 Rd7 59. Nb6
Nxb6 60. axb6 Rb7 61. Rxg5+ Kf6 62. Rh5 Kg6 63. Rh4 Kg5 64. g3 fxg3+ 65. Kxg3
Rxb6 66. Rc4 Kf5 67. Kf2 Rb5 68. f4 Kf6 69. Kf3 1/2-1/2

[Event "GBR-ch75"]
[Site "Blackpool"]
[Date "1988.08.11"]
[Round "10.7"]
[White "Plaskett, H James"]
[Black "Rogers, Ian"]
[Result "1-0"]
[WhiteElo "2450"]
[BlackElo "2535"]
[PlyCount "81"]
[EventDate "1988.08.01"]
[EventType "swiss"]
[EventRounds "11"]
[EventCountry "GBR"]
[SourceTitle "BritBase12Sep20"]
[Source "John Saunders"]
[SourceDate "2020.09.12"]
[SourceVersion "1"]
[SourceVersionDate "2020.09.12"]
[SourceQuality "1"]

1. c4 e6 2. Nf3 d5 3. b3 Nf6 4. Bb2 Be7 5. g3 O-O 6. Bg2 c5 7. O-O Nc6 8. e3 b6
9. Qe2 Bb7 10. d3 a6 11. Nc3 Qc7 12. Rac1 dxc4 13. bxc4 Rfd8 14. Rfd1 Rac8 15.
Bh3 Na7 16. Ng5 b5 17. Nxe6 fxe6 18. Bxe6+ Kh8 19. e4 Rb8 20. Nd5 Rxd5 21. cxd5
Rd8 22. Qe3 Bc8 23. d6 Rxd6 24. Rxc5 Rc6 25. Rxc6 Nxc6 26. Bxc8 Qxc8 27. Rc1
Qb7 28. Qf4 Qd7 29. d4 Bd6 30. Qf3 Be7 31. d5 Na5 32. e5 Nxd5 33. Rd1 Nc4 34.
Rxd5 Qe6 35. Bc3 h6 36. h4 b4 37. Bxb4 Bxb4 38. Rd8+ Kh7 39. Qe4+ g6 40. Qb7+
Be7 41. Re8 1-0

[Event "GBR-ch75"]
[Site "Blackpool"]
[Date "1988.08.11"]
[Round "10.8"]
[White "Kosten, Anthony C"]
[Black "Wells, Peter K"]
[Result "1-0"]
[WhiteElo "2510"]
[BlackElo "2410"]
[PlyCount "71"]
[EventDate "1988.08.01"]
[EventType "swiss"]
[EventRounds "11"]
[EventCountry "GBR"]
[SourceTitle "BritBase12Sep20"]
[Source "John Saunders"]
[SourceDate "2020.09.12"]
[SourceVersion "1"]
[SourceVersionDate "2020.09.12"]
[SourceQuality "1"]

1. e4 c6 2. d4 d5 3. exd5 cxd5 4. c4 Nf6 5. Nc3 e6 6. Nf3 Bb4 7. cxd5 exd5 8.
Ne5 O-O 9. Bd3 Nc6 10. O-O Nxd4 11. Bxh7+ Kxh7 12. Qxd4 Qa5 13. Bd2 Kg8 14. Nd3
Bxc3 15. Bxc3 Qb5 16. Nf4 Re8 17. Rad1 b6 18. f3 Bb7 19. Rf2 Rac8 20. Qd2 Rc6
21. Ne2 Qa4 22. Nd4 Rc7 23. Nf5 Bc8 24. Nh6+ Kh7 25. Bxf6 gxf6 26. Ng4 Bxg4 27.
fxg4 Qxg4 28. Qxd5 Re5 29. Qd3+ Kg7 30. Rdf1 Rd7 31. Qc3 Qg6 32. Qc6 Rde7 33.
Rxf6 Qg5 34. R6f3 Re3 35. Rf5 Qg6 36. Qd5 1-0

[Event "GBR-ch75"]
[Site "Blackpool"]
[Date "1988.08.11"]
[Round "10.9"]
[White "Conquest, Stuart"]
[Black "Cooper, John G"]
[Result "1/2-1/2"]
[WhiteElo "2490"]
[BlackElo "2380"]
[PlyCount "98"]
[EventDate "1988.08.01"]
[EventType "swiss"]
[EventRounds "11"]
[EventCountry "GBR"]
[SourceTitle "BritBase12Sep20"]
[Source "John Saunders"]
[SourceDate "2020.09.12"]
[SourceVersion "1"]
[SourceVersionDate "2020.09.12"]
[SourceQuality "1"]

1. d4 Nf6 2. c4 e6 3. Nc3 Bb4 4. e3 O-O 5. Bd3 d5 6. cxd5 exd5 7. Nge2 Re8 8.
O-O Bd6 9. f3 c5 10. Bd2 Nc6 11. Rc1 a6 12. Kh1 h6 13. Bb1 cxd4 14. exd4 Ne7
15. Be1 Bf5 16. Bh4 Bxb1 17. Bxf6 Bg6 18. Bh4 Qd7 19. Qd2 Bf5 20. Bg3 Bb4 21.
a3 Ba5 22. Bf2 Rad8 23. g4 Be6 24. Nf4 Ng6 25. Nd3 Qe7 26. Bg3 Bb6 27. Qf2 Qf6
28. Ne2 Bd7 29. h4 Bb5 30. Rfd1 Qe7 31. Nc3 Bc4 32. h5 Nf8 33. Bh4 f6 34. Nf4
Qe3 35. Qxe3 Rxe3 36. Kg2 Ne6 37. Bg3 Nxf4+ 38. Bxf4 Re7 39. Rd2 Bb3 40. Kf2
Kf7 41. Ne2 a5 42. Ng3 a4 43. Nf5 Red7 44. Kg3 Ba5 45. Rg2 Bc4 46. Bd2 Bc7+ 47.
Bf4 Ba5 48. Bd2 Bc7+ 49. Bf4 Ba5 1/2-1/2

[Event "GBR-ch75"]
[Site "Blackpool"]
[Date "1988.08.11"]
[Round "10.11"]
[White "Pein, Malcolm"]
[Black "McNab, Colin Anderson"]
[Result "0-1"]
[WhiteElo "2410"]
[BlackElo "2410"]
[PlyCount "74"]
[EventDate "1988.08.01"]
[EventType "swiss"]
[EventRounds "11"]
[EventCountry "GBR"]
[SourceTitle "BritBase12Sep20"]
[Source "John Saunders"]
[SourceDate "2020.09.12"]
[SourceVersion "1"]
[SourceVersionDate "2020.09.12"]
[SourceQuality "1"]

1. d4 d6 2. Nf3 g6 3. c4 Bg7 4. Nc3 Nd7 5. e4 e5 6. Be2 Ngf6 7. O-O O-O 8. Be3
a5 9. Qc2 Ng4 10. Bg5 f6 11. Bd2 exd4 12. Nxd4 Nc5 13. h3 f5 14. Nb3 Nxb3 15.
Qxb3 Ne5 16. c5+ Kh8 17. cxd6 Qxd6 18. Rad1 Be6 19. Qc2 Qe7 20. Nd5 Qf7 21. f4
Nc6 22. Bc3 fxe4 23. Qxe4 Rae8 24. Bb5 Bg4 25. Qxe8 Rxe8 26. hxg4 Bxc3 27. bxc3
Rd8 28. c4 Na7 29. Ba4 c6 30. Ne3 Rxd1 31. Bxd1 Qf6 32. f5 Nc8 33. Bc2 Qd4 34.
Rf3 Nd6 35. f6 Nf7 36. Kf2 Ng5 37. f7 Qd2+ 0-1

[Event "GBR-ch75"]
[Site "Blackpool"]
[Date "1988.08.11"]
[Round "10.12"]
[White "Mortazavi, Ali"]
[Black "Anand, Viswanathan"]
[Result "1/2-1/2"]
[WhiteElo "2290"]
[BlackElo "2555"]
[PlyCount "37"]
[EventDate "1988.08.01"]
[EventType "swiss"]
[EventRounds "11"]
[EventCountry "GBR"]
[SourceTitle "BritBase12Sep20"]
[Source "John Saunders"]
[SourceDate "2020.09.12"]
[SourceVersion "1"]
[SourceVersionDate "2020.09.12"]
[SourceQuality "1"]

1. Nf3 Nf6 2. e3 g6 3. b3 d6 4. d4 Bg7 5. Bb2 O-O 6. Be2 c5 7. O-O Nc6 8. Nbd2
cxd4 9. Nxd4 Bd7 10. Nc4 Rc8 11. a4 Nxd4 12. Bxd4 d5 13. Ne5 Bf5 14. c4 Ne4 15.
Rc1 dxc4 16. Bxc4 Nd6 17. Be2 Be6 18. Rxc8 Qxc8 19. Nf3 1/2-1/2

[Event "GBR-ch75"]
[Site "Blackpool"]
[Date "1988.08.11"]
[Round "10.13"]
[White "McDonald, Neil R"]
[Black "Gallagher, Joseph G"]
[Result "0-1"]
[WhiteElo "2360"]
[BlackElo "2445"]
[PlyCount "84"]
[EventDate "1988.08.01"]
[EventType "swiss"]
[EventRounds "11"]
[EventCountry "GBR"]
[SourceTitle "BritBase12Sep20"]
[Source "John Saunders"]
[SourceDate "2020.09.12"]
[SourceVersion "1"]
[SourceVersionDate "2020.09.12"]
[SourceQuality "1"]

1. Nf3 Nf6 2. g3 g6 3. c4 Bg7 4. Bg2 O-O 5. O-O d6 6. Nc3 e5 7. d3 Nc6 8. Rb1
a5 9. a3 h6 10. b4 axb4 11. axb4 Be6 12. b5 Ne7 13. Bb2 Qd7 14. Re1 Bh3 15. Bh1
Ng4 16. d4 Qe6 17. dxe5 dxe5 18. Nd5 Rfd8 19. Qb3 Nxd5 20. cxd5 Qb6 21. e3 c6
22. dxc6 bxc6 23. Nh4 Rab8 24. Nxg6 Bf6 25. Ba3 Qxb5 26. Qc2 Qa5 27. Ne7+ Bxe7
28. Bxe7 Rxb1 29. Rxb1 Qd2 30. Qxd2 Rxd2 31. Bf3 Nxf2 32. Bf6 Bg4 33. Bg2 e4
34. Rf1 Nh3+ 35. Kh1 Be2 36. Ra1 Bf3 37. Bxf3 exf3 38. Bd4 Nf2+ 39. Kg1 Ng4 40.
Ra8+ Kh7 41. Rh8+ Kg6 42. Rg8+ Kh5 0-1

[Event "GBR-ch75"]
[Site "Blackpool"]
[Date "1988.08.11"]
[Round "10.14"]
[White "Bell, Stephen"]
[Black "Howell, James C"]
[Result "1-0"]
[WhiteElo "2380"]
[BlackElo "2420"]
[PlyCount "87"]
[EventDate "1988.08.01"]
[EventType "swiss"]
[EventRounds "11"]
[EventCountry "GBR"]
[SourceTitle "BritBase12Sep20"]
[Source "John Saunders"]
[SourceDate "2020.09.12"]
[SourceVersion "1"]
[SourceVersionDate "2020.09.12"]
[SourceQuality "1"]

1. g3 Nf6 2. Bg2 d5 3. Nf3 c6 4. O-O Bf5 5. c4 dxc4 6. Na3 e5 7. Nxc4 e4 8.
Nfe5 Bc5 9. Qb3 b5 10. Nd6+ Qxd6 11. Qxf7+ Kd8 12. Qxg7 Rf8 13. d4 Qe7 14. Qg5
Bxd4 15. Rd1 Qxe5 16. Bf4 Qd5 17. e3 c5 18. exd4 cxd4 19. g4 Bxg4 20. Be5 Nbd7
21. Rxd4 Qe6 22. Bxe4 Rc8 23. Bxh7 Rc5 24. Bxf6+ Qxf6 25. Qxf6+ Rxf6 26. Rxg4
Ne5 27. Rd1+ Kc7 28. Rg7+ Kb6 29. Be4 Nf7 30. h4 Rf4 31. f3 a6 32. b4 Rc7 33.
Rg4 Rf6 34. Rg6 Rxg6+ 35. Bxg6 a5 36. bxa5+ Kxa5 37. h5 Ne5 38. Be4 Rg7+ 39.
Kf2 Rg5 40. Rh1 Nf7 41. h6 Kb4 42. h7 Ka3 43. Rd1 b4 44. Rd5 1-0

[Event "GBR-ch75"]
[Site "Blackpool"]
[Date "1988.08.11"]
[Round "10.15"]
[White "Knox, Victor W"]
[Black "Orr, Mark JL"]
[Result "1/2-1/2"]
[WhiteElo "2315"]
[BlackElo "2365"]
[PlyCount "54"]
[EventDate "1988.08.01"]
[EventType "swiss"]
[EventRounds "11"]
[EventCountry "GBR"]
[SourceTitle "BritBase12Sep20"]
[Source "John Saunders"]
[SourceDate "2020.09.12"]
[SourceVersion "1"]
[SourceVersionDate "2020.09.12"]
[SourceQuality "1"]

1. e4 c6 2. d4 d5 3. Nc3 dxe4 4. Nxe4 Nf6 5. Nxf6+ exf6 6. c3 Bd6 7. Bd3 O-O 8.
Ne2 Re8 9. O-O Nd7 10. Bf4 Bxf4 11. Nxf4 Nf8 12. Qd2 Qa5 13. Rfe1 Bd7 14. Re3
Qg5 15. Ne2 Rxe3 16. Qxe3 Re8 17. Qxg5 fxg5 18. Kf1 Ng6 19. Rd1 Be6 20. c4 Rd8
21. b3 Kf8 22. Ke1 Nh4 23. Kf1 Bf5 24. Bxf5 Nxf5 25. Rd3 g4 26. g3 Rd6 27. Kg2
g6 1/2-1/2

[Event "GBR-ch75"]
[Site "Blackpool"]
[Date "1988.08.11"]
[Round "10.16"]
[White "King, Daniel J"]
[Black "Rossiter, Philip J"]
[Result "1-0"]
[WhiteElo "2520"]
[BlackElo "2335"]
[PlyCount "78"]
[EventDate "1988.08.01"]
[EventType "swiss"]
[EventRounds "11"]
[EventCountry "GBR"]
[SourceTitle "BritBase12Sep20"]
[Source "John Saunders"]
[SourceDate "2020.09.12"]
[SourceVersion "1"]
[SourceVersionDate "2020.09.12"]
[SourceQuality "1"]

1. e4 c5 2. Nf3 e6 3. d4 cxd4 4. Nxd4 Nf6 5. Nc3 d6 6. f4 Nc6 7. Be3 Be7 8. Be2
O-O 9. O-O a6 10. a4 Qc7 11. Kh1 Bd7 12. Nb3 b6 13. Bf3 Rab8 14. Qe2 Bc8 15. g4
Re8 16. g5 Nd7 17. Bg2 Bf8 18. Rad1 Bb7 19. Qf2 Ba8 20. Bc1 g6 21. Rd3 Bg7 22.
Rh3 f5 23. gxf6 Nxf6 24. f5 exf5 25. exf5 Ne5 26. Nd4 Neg4 27. Qg1 Qc4 28. Bxa8
Rxa8 29. Rg3 h5 30. b3 Qc8 31. Ne6 gxf5 32. Nxg7 Kxg7 33. h3 h4 34. Rgf3 Qc6
35. Qg2 Re6 36. Bb2 Kg6 37. hxg4 Nxg4 38. Ne2 Kh7 39. Nd4 Qb7 1-0